National commission and supreme court on consumer cases 1986-1995 / (Record no. 126318)

MARC details
000 -LEADER
fixed length control field 00672nam a22002177a 4500
005 - DATE AND TIME OF LATEST TRANSACTION
control field 20170124110008.0
010 ## - LIBRARY OF CONGRESS CONTROL NUMBER
LC control number A-763870
020 ## - INTERNATIONAL STANDARD BOOK NUMBER
Terms of availability 00.00
035 ## - SYSTEM CONTROL NUMBER
System control number A-763870
037 ## - SOURCE OF ACQUISITION
Source of stock number/acquisition Cen Lib/Ret
040 ## - CATALOGING SOURCE
Original cataloging agency DPL
Language of cataloging EN
082 ## - DEWEY DECIMAL CLASSIFICATION NUMBER
Classification number 343.071
Item number NAT
245 ## - TITLE STATEMENT
Title National commission and supreme court on consumer cases 1986-1995 /
Statement of responsibility, etc edited by swan bhatia Nijhawan
260 ## - PUBLICATION, DISTRIBUTION, ETC. (IMPRINT)
Place of publication, distribution, etc Delhi
Name of publisher, distributor, etc International law book company
Date of publication, distribution, etc 1995
270 ## - ADDRESS
City Delhi
Address 1562, Chrch road , kashmiri gate
300 ## - PHYSICAL DESCRIPTION
Extent 1568p.
Dimensions 21cm(Hb)
650 ## - SUBJECT ADDED ENTRY--TOPICAL TERM
Topical term or geographic name as entry element Law
9 (RLIN) 104
650 ## - SUBJECT ADDED ENTRY--TOPICAL TERM
Topical term or geographic name as entry element Supreme court
9 (RLIN) 15396
700 ## - ADDED ENTRY--PERSONAL NAME
9 (RLIN) 8440
Personal name Nijhawan, Awarn Bhatia
942 ## - ADDED ENTRY ELEMENTS (KOHA)
Source of classification or shelving scheme Dewey Decimal Classification
Koha item type English Books
Classification part 343.071
Call number suffix NAT
Holdings
Withdrawn status Lost status Damaged status Not for loan Home library Current library Date acquired Source of acquisition Cost, normal purchase price Total Checkouts Full call number Barcode Date last seen Copy number Cost, replacement price Price effective from Koha item type
        Central Library Central Library 25/06/2015 Cen Lib/Ret 0.00   343.071 NAT A-763870 25/06/2015 1 0.00 25/06/2015 English Books

© Delhi Public Library
Hit Counter
free hit counter